EFEKTNÁ bižutéria

Bibliographic Details
Main Author: zm (Author)
Format: Article
Language:Slovak

MARC

LEADER 00000nab a2200000uu 4500
001 vtls010884360
003 SK-MaSNL
005 20260303145114.0
008 230222|1964 xo |||||||||||||||||slo|
015 |a SNBRB 
035 |a (urnnbn)urn:nbn:sk:snk:ar-002ane 
035 |a (uuid)8410774e-9111-4688-8738-fb3865299b72 
035 |a urn:nbn:sk:snk-ab8fnz 
040 |a SNKBUCL  |b slo  |c SNKBUCL  |e AACR2 
041 0 |a slo 
044 |a xo  |c SK 
100 1 |a zm  |4 aut  |9 439189 
245 1 0 |a EFEKTNÁ bižutéria  |c Zm 
773 0 |t Slovenská hudba : revue pre hudobnú kultúru  |g Roč. 8, č. 4 (1964), s. 120 
954 |a odborná, vedecká literatúra pôvodná (slovenská)  |2 lita 
958 |a OND 
958 |a EUIPO 
958 |a article10 
999 |c 2000535  |d 2002465